A carregar...
The Power of Your Mind
| Autor principal: | |
|---|---|
| Formato: | Printed Book |
| Publicado em: |
Delhi;
Vikas Publications;
1971
|
| Edição: | 1st |
| Assuntos: |
| LEADER | 00484nam a22001457a 4500 | ||
|---|---|---|---|
| 082 | |a 150 |b IRV/T K8 | ||
| 100 | |a O Irving Jacobsen |9 199330 | ||
| 245 | |a The Power of Your Mind | ||
| 250 | |a 1st | ||
| 260 | |a Delhi; |b Vikas Publications; |c 1971 | ||
| 300 | |a 211p. | ||
| 650 | |a English;psychology |9 310494 | ||
| 942 | |c BK | ||
| 999 | |c 69312 |d 69312 | ||
| 952 | |0 0 |1 0 |4 0 |6 150_000000000000000_IRV_T_K8 |7 0 |8 EnglishPsy |9 82218 |a MAL |b MAL |d 2016-11-22 |e 13689 |l 0 |o 150 IRV/T K8 |p MAL013689 |r 2016-11-22 |t 1 |w 2016-11-22 |y BK | ||